Statistics for East European People by Picture

Click here to take the quiz!

General Stats

  • This quiz has been taken 121 times
  • The average score is 9 of 15

Answer Stats

Answer% Correct
Vladimir Putin
95%
Mother Teresa
86%
Marie Skłodowska Curie
82%
Melania Trump
81%
Mikhail Gorbachev
81%
John Paul II
77%
Nikola Tesla
68%
Novak Đoković
67%
Vlad the Impaler
65%
Franz Kafka
44%
Nicolaus Copernicus
42%
Petr Čech
37%
Milla Jovovich
30%
Fyodor Dostoevski
28%
Yulia Tymoshenko
23%

Score Distribution

Percentile by Number Answered

Percent of People with Each Score

Your Score History

You have not taken this quiz